[Event "Teplice op 7th"]
[Site "Teplice"]
[Date "2012.06.21"]
[Round "6"]
[White "Sergeev, Vladimir"]
[Black "Mekhitarian, Krikor Sevag"]
[Result "1-0"]
[WhiteElo "2486"]
[BlackElo "2531"]
[PlyCount "145"]
[EventDate "2012.06.16"]
[EventType "swiss"]
[EventRounds "9"]
[EventCountry "CZE"]
[SourceTitle "CBM 149 Extra"]
[Source "ChessBase"]
[SourceDate "2012.08.24"]
[SourceVersion "1"]
[SourceVersionDate "2012.08.24"]
[SourceQuality "1"]

1. d4 Nf6 2. Nf3 e6 3. c3 c5 4. e3 Nc6 5. Bd3 d5 6. Nbd2 Bd6 7. O-O O-O 8. dxc5
Bxc5 9. b4 Bd6 10. Bb2 Qc7 11. h3 a6 12. a3 Ne5 13. Nxe5 Bxe5 14. f4 Bd6 15. c4
Qe7 16. Qf3 Bd7 17. e4 dxe4 18. Nxe4 Bc6 19. c5 Bb8 20. Nxf6+ Qxf6 21. Qh5 Qh6
22. Qxh6 gxh6 23. Bc4 Rd8 24. Rf2 Bc7 25. Bf6 Rd7 26. Raf1 Bd8 27. f5 exf5 28.
Rxf5 Bxf6 29. Rxf6 Rf8 30. Bxa6 Rd2 31. R1f2 Rxf2 32. Kxf2 Ra8 33. Bc4 Rxa3 34.
Rxf7 Rc3 35. Rf4+ Kg7 36. g3 Rc2+ 37. Ke3 Rb2 38. Bd3 h5 39. Rh4 h6 40. Be2
Rb3+ 41. Kf2 Rb2 42. Ke1 Rb1+ 43. Kd2 Rb2+ 44. Kd1 Ba4+ 45. Ke1 Rb1+ 46. Kf2
Rb2 47. Ke3 Rb3+ 48. Kd4 Rxb4+ 49. Ke5 Rxh4 50. gxh4 Bc6 51. Bxh5 Bg2 52. Kd6
Kf6 53. Bg4 Be4 54. h5 Bg2 55. h4 Kf7 56. Bc8 Bf3 57. Kc7 Ke7 58. Bxb7 Bxh5 59.
Kb6 Bg4 60. Kc7 Bf5 61. Bd5 Bd7 62. Bc4 Ba4 63. Kb6 Bd7 64. Be2 Be8 65. Bb5 Bg6
66. c6 Bf5 67. c7 Kd6 68. Kb7 Be6 69. Ba6 Kc5 70. Kb8 Kb6 71. Bc8 Bc4 72. Bg4
Ba6 73. Bf3 1-0

[Event "Teplice op 7th"]
[Site "Teplice"]
[Date "2012.06.22"]
[Round "7"]
[White "Mekhitarian, Krikor Sevag"]
[Black "Cernousek, Lukas"]
[Result "0-1"]
[WhiteElo "2531"]
[BlackElo "2440"]
[PlyCount "98"]
[EventDate "2012.06.16"]
[EventType "swiss"]
[EventRounds "9"]
[EventCountry "CZE"]
[SourceTitle "CBM 149 Extra"]
[Source "ChessBase"]
[SourceDate "2012.08.24"]
[SourceVersion "1"]
[SourceVersionDate "2012.08.24"]
[SourceQuality "1"]

1. e4 c5 2. Nf3 d6 3. d4 Nf6 4. Nc3 cxd4 5. Nxd4 a6 6. h3 e6 7. g4 b5 8. Bg2
Bb7 9. O-O b4 10. Nd5 exd5 11. exd5 Be7 12. Nf5 O-O 13. Re1 Re8 14. Bf4 Bf8 15.
Qd4 a5 16. g5 Rxe1+ 17. Rxe1 Ne8 18. Qe3 Nd7 19. Qg3 Ne5 20. Bc1 Qd7 21. Ne3 f5
22. f4 Nf7 23. Nc4 Qc7 24. b3 g6 25. Kh2 Ng7 26. Be3 Ba6 27. Bf1 Re8 28. Qf2
Bb7 29. Bb6 Qb8 30. Bg2 Qa8 31. Rxe8 Nxe8 32. Qd2 Bg7 33. Bxa5 Bc3 34. Qe3 Ng7
35. Qe7 Nh5 36. Qe3 Ba6 37. Nb6 Qd8 38. Kh1 Kf8 39. Bf3 Qe7 40. Qxe7+ Kxe7 41.
Bxh5 gxh5 42. Kg2 Be2 43. Nc4 Bxc4 44. bxc4 Bd2 45. Bb6 Bxf4 46. h4 Ne5 47. c5
Nd7 48. cxd6+ Kxd6 49. Ba5 Bd2 0-1

[Event "Teplice op 7th"]
[Site "Teplice"]
[Date "2012.06.23"]
[Round "8"]
[White "Dolezal, Radoslav"]
[Black "Mekhitarian, Krikor Sevag"]
[Result "1/2-1/2"]
[WhiteElo "2370"]
[BlackElo "2531"]
[PlyCount "83"]
[EventDate "2012.06.16"]
[EventType "swiss"]
[EventRounds "9"]
[EventCountry "CZE"]
[SourceTitle "CBM 149 Extra"]
[Source "ChessBase"]
[SourceDate "2012.08.24"]
[SourceVersion "1"]
[SourceVersionDate "2012.08.24"]
[SourceQuality "1"]

1. d4 Nf6 2. Nf3 e6 3. e3 c5 4. Be2 d5 5. O-O Be7 6. dxc5 Bxc5 7. c4 O-O 8. a3
Bd6 9. Nc3 a6 10. b3 dxc4 11. Bxc4 b5 12. Bd3 Bb7 13. Bb2 Qe7 14. Ng5 Rd8 15.
Qe2 h6 16. Nf3 Nbd7 17. Rfd1 e5 18. e4 Nc5 19. Bc2 Qe6 20. b4 Nb3 21. Bxb3 Qxb3
22. Rd3 Qe6 23. Rad1 Bc7 24. Rxd8+ Rxd8 25. Rxd8+ Bxd8 26. Nd5 Nd7 27. h3 f6
28. Qd3 Nb6 29. Ne3 Bc7 30. Nd2 Na4 31. Bc1 Qc6 32. Qb3+ Kh7 33. Bb2 Bb6 34.
Nd5 Nxb2 35. Qxb2 Bd4 36. Qb3 Qc1+ 37. Nf1 Qe1 38. Nxf6+ Kg6 39. Ng4 Qxe4 40.
Qe6+ Kh7 41. Nf6+ gxf6 42. Qf7+ 1/2-1/2

[Event "Teplice op 7th"]
[Site "Teplice"]
[Date "2012.06.24"]
[Round "9"]
[White "Mekhitarian, Krikor Sevag"]
[Black "Olsarova, Karolina"]
[Result "1-0"]
[WhiteElo "2531"]
[BlackElo "2247"]
[PlyCount "47"]
[EventDate "2012.06.16"]
[EventType "swiss"]
[EventRounds "9"]
[EventCountry "CZE"]
[SourceTitle "CBM 149 Extra"]
[Source "ChessBase"]
[SourceDate "2012.08.24"]
[SourceVersion "1"]
[SourceVersionDate "2012.08.24"]
[SourceQuality "1"]

1. d4 d5 2. c4 c6 3. Nf3 Nf6 4. Nc3 dxc4 5. a4 Bf5 6. Nh4 e6 7. Nxf5 exf5 8. e3
Bb4 9. Bxc4 O-O 10. O-O Nbd7 11. Qc2 g6 12. f3 Nb6 13. Bb3 Qd6 14. a5 Nbd7 15.
Bd2 Rad8 16. Kh1 Rfe8 17. a6 b6 18. Rad1 Nf8 19. e4 Qd7 20. d5 fxe4 21. fxe4
Bxc3 22. Bxc3 Nxe4 23. dxc6 Qxd1 24. Bxf7# 1-0

[Event "Maringa op 2nd"]
[Site "Maringa"]
[Date "2012.08.08"]
[Round "1"]
[White "Mekhitarian, Krikor Sevag"]
[Black "Lucci, Bruno Wendorff"]
[Result "1-0"]
[WhiteElo "2511"]
[BlackElo "1877"]
[PlyCount "67"]
[EventDate "2012.08.08"]
[EventType "swiss"]
[EventRounds "9"]
[EventCountry "BRA"]
[SourceTitle "CBM 149 Extra"]
[Source "ChessBase"]
[SourceDate "2012.08.24"]
[SourceVersion "1"]
[SourceVersionDate "2012.08.24"]
[SourceQuality "1"]

1. d4 Nf6 2. c4 g6 3. Nc3 Bg7 4. Nf3 O-O 5. e4 d6 6. Be2 e5 7. O-O Nc6 8. d5
Ne7 9. Ne1 Nd7 10. Nd3 f5 11. Bd2 Nf6 12. f3 f4 13. c5 g5 14. cxd6 cxd6 15. Nf2
h5 16. h3 Ng6 17. Qc2 Rf7 18. Rfc1 a6 19. a4 Bf8 20. a5 Nh4 21. Na4 g4 22. hxg4
hxg4 23. fxg4 Rg7 24. Qd1 Bd7 25. Nb6 Rb8 26. Nxd7 Qxd7 27. Ra3 Qe8 28. Rh3 Rh7
29. g5 Nd7 30. Bg4 Rc8 31. Be6+ Kg7 32. Rxc8 Qxc8 33. Qg4 Qc2 34. Rxh4 1-0

[Event "Maringa op 2nd"]
[Site "Maringa"]
[Date "2012.08.09"]
[Round "3"]
[White "Mekhitarian, Krikor Sevag"]
[Black "Utiyama, Marcel Heimar Ribei"]
[Result "1-0"]
[WhiteElo "2511"]
[BlackElo "2126"]
[PlyCount "85"]
[EventDate "2012.08.08"]
[EventType "swiss"]
[EventRounds "9"]
[EventCountry "BRA"]
[SourceTitle "CBM 149 Extra"]
[Source "ChessBase"]
[SourceDate "2012.08.24"]
[SourceVersion "1"]
[SourceVersionDate "2012.08.24"]
[SourceQuality "1"]

1. e4 c5 2. Nf3 Nc6 3. d4 cxd4 4. Nxd4 Nf6 5. Nc3 g6 6. Nxc6 bxc6 7. e5 Ng8 8.
Bd3 Bg7 9. f4 Nh6 10. O-O d5 11. Na4 O-O 12. Be3 f6 13. exf6 exf6 14. Qd2 Bf5
15. Nc5 Re8 16. Bd4 Bxd3 17. cxd3 Nf5 18. Bf2 Nd6 19. Rfe1 Bh6 20. g3 Qc7 21.
Qc3 Qf7 22. Nb3 Rac8 23. Qc5 Rxe1+ 24. Rxe1 Bf8 25. Qxa7 Qxa7 26. Bxa7 Ra8 27.
Bd4 Rxa2 28. Bxf6 Kf7 29. Be5 Nf5 30. g4 Bb4 31. Rc1 Ne7 32. Kg2 Ra7 33. Kf3
Rb7 34. h3 Rb6 35. Bd4 Rb5 36. Nc5 Bxc5 37. Rxc5 Rb3 38. Ke3 Ke6 39. Ra5 Rb7
40. Bc5 Nc8 41. b4 Nd6 42. Ra6 Rc7 43. Kd2 1-0

[Event "Maringa op 2nd"]
[Site "Maringa"]
[Date "2012.08.10"]
[Round "4"]
[White "Umetsubo, Cesar Hidemitsu"]
[Black "Mekhitarian, Krikor Sevag"]
[Result "1-0"]
[WhiteElo "2236"]
[BlackElo "2511"]
[PlyCount "103"]
[EventDate "2012.08.08"]
[EventType "swiss"]
[EventRounds "9"]
[EventCountry "BRA"]
[SourceTitle "CBM 149 Extra"]
[Source "ChessBase"]
[SourceDate "2012.08.24"]
[SourceVersion "1"]
[SourceVersionDate "2012.08.24"]
[SourceQuality "1"]

1. d4 Nf6 2. Nf3 d5 3. Bg5 Ne4 4. Bh4 c5 5. e3 Qb6 6. Qc1 Nc6 7. c3 Bf5 8. Be2
Rc8 9. O-O f6 10. Nbd2 g5 11. Bg3 h5 12. dxc5 Nxc5 13. h4 g4 14. Nd4 Bg6 15. b4
Nd3 16. Qa3 e5 17. Ne6 Be7 18. Qb3 Kf7 19. e4 dxe4 20. Nxe4 Bxe4 21. Ng5+ Kg7
22. Qf7+ Kh6 23. Nxe4 Rcf8 24. Qe6 Nd4 25. Qxe7 Nxe2+ 26. Kh2 Kg6 27. Rad1 Rf7
28. Qd6 Rd8 29. Qxb6 axb6 30. Rd2 Nxg3 31. Nxg3 Rfd7 32. Rfd1 f5 33. f3 b5 34.
Kg1 Nc5 35. Rxd7 Rxd7 36. Rxd7 Nxd7 37. f4 Nb6 38. fxe5 Nd5 39. e6 f4 40. Ne4
Kf5 41. Nd6+ Kxe6 42. Nxb5 Ke5 43. a4 g3 44. a5 Ne3 45. Nd4 Nc4 46. Kf1 Ke4 47.
Ke2 Na3 48. b5 Nb1 49. a6 Nxc3+ 50. Ke1 Nxb5 51. axb7 Nxd4 52. b8=Q 1-0

[Event "Maringa op 2nd"]
[Site "Maringa"]
[Date "2012.08.10"]
[Round "5"]
[White "Mekhitarian, Krikor Sevag"]
[Black "Chang, Suzana"]
[Result "1-0"]
[WhiteElo "2511"]
[BlackElo "2006"]
[PlyCount "75"]
[EventDate "2012.08.08"]
[EventType "swiss"]
[EventRounds "9"]
[EventCountry "BRA"]
[SourceTitle "CBM 149 Extra"]
[Source "ChessBase"]
[SourceDate "2012.08.24"]
[SourceVersion "1"]
[SourceVersionDate "2012.08.24"]
[SourceQuality "1"]

1. e4 e5 2. Nf3 Nc6 3. Bb5 a6 4. Ba4 Nf6 5. O-O Be7 6. Re1 b5 7. Bb3 O-O 8. h3
d6 9. c3 Na5 10. Bc2 c5 11. d4 Qc7 12. Nbd2 h6 13. Nf1 b4 14. Ne3 bxc3 15. bxc3
cxd4 16. cxd4 Nc4 17. Nxc4 Qxc4 18. Bb3 Qc7 19. Bb2 Bb7 20. Rc1 Qb6 21. Nd2
Rad8 22. Nc4 Qa7 23. d5 Ne8 24. Qd2 Bg5 25. Ne3 f5 26. exf5 Rxf5 27. Qd3 Rf7
28. g3 Bc8 29. h4 Bxe3 30. Qxe3 Qd7 31. Qb6 Nf6 32. Bxe5 Ng4 33. Qxd6 Qxd6 34.
Bxd6 Nxf2 35. Be7 Nh3+ 36. Kh1 Nf2+ 37. Kh2 Ng4+ 38. Kg1 1-0

[Event "Maringa op 2nd"]
[Site "Maringa"]
[Date "2012.08.11"]
[Round "6"]
[White "Mekhitarian, Krikor Sevag"]
[Black "Calcado, Acyr Rogerio"]
[Result "1-0"]
[WhiteElo "2511"]
[BlackElo "2165"]
[PlyCount "67"]
[EventDate "2012.08.08"]
[EventType "swiss"]
[EventRounds "9"]
[EventCountry "BRA"]
[SourceTitle "CBM 149 Extra"]
[Source "ChessBase"]
[SourceDate "2012.08.24"]
[SourceVersion "1"]
[SourceVersionDate "2012.08.24"]
[SourceQuality "1"]

1. e4 e5 2. Nf3 Nc6 3. Bb5 a6 4. Ba4 Nf6 5. O-O b5 6. Bb3 Bc5 7. a4 Rb8 8. c3
d6 9. d4 Bb6 10. a5 Ba7 11. Be3 O-O 12. dxe5 Bxe3 13. exf6 Bh6 14. fxg7 Bxg7
15. Qd3 b4 16. Nbd2 bxc3 17. bxc3 Rb5 18. Bd5 Nxa5 19. Nd4 Bxd4 20. cxd4 c6 21.
Ba2 Rh5 22. f4 Kh8 23. Nf3 Qf6 24. Qd2 Nb7 25. Rab1 Nd8 26. Rb8 Bb7 27. Ng5 Kg7
28. Qb2 h6 29. e5 Qe7 30. Ne4 Qc7 31. Rxd8 Rxd8 32. exd6 Qd7 33. d5+ f6 34.
Nxf6 1-0

[Event "Maringa op 2nd"]
[Site "Maringa"]
[Date "2012.08.11"]
[Round "7"]
[White "Feliciano Ebert, Vanessa"]
[Black "Mekhitarian, Krikor Sevag"]
[Result "0-1"]
[WhiteElo "2231"]
[BlackElo "2511"]
[PlyCount "96"]
[EventDate "2012.08.08"]
[EventType "swiss"]
[EventRounds "9"]
[EventCountry "BRA"]
[SourceTitle "CBM 149 Extra"]
[Source "ChessBase"]
[SourceDate "2012.08.24"]
[SourceVersion "1"]
[SourceVersionDate "2012.08.24"]
[SourceQuality "1"]

1. d4 Nf6 2. c4 e6 3. Nc3 Bb4 4. e3 d5 5. a3 Be7 6. cxd5 exd5 7. Bd3 O-O 8.
Nge2 Re8 9. O-O Bd6 10. f3 c5 11. Nb5 Bf8 12. dxc5 Bxc5 13. Ned4 a6 14. Qc2 Bb6
15. Nc3 Nc6 16. Nxc6 bxc6 17. Re1 Qd6 18. b4 c5 19. Na4 Bc7 20. g3 c4 21. Bf1
Bd7 22. Nc5 Bb6 23. Bb2 Bxc5 24. bxc5 Qxc5 25. Bxf6 gxf6 26. Qc3 Kg7 27. Rad1
Rab8 28. Qd4 Qxd4 29. Rxd4 Bc6 30. e4 f5 31. Rc1 fxe4 32. fxe4 dxe4 33. Bxc4
Bb5 34. Bxb5 Rxb5 35. Re1 f5 36. Rd7+ Kf6 37. Rxh7 Ra5 38. Rf1 Rxa3 39. Rh5 Re5
40. g4 Rf3 41. Rxf3 exf3 42. Rh6+ Kg5 43. Rxa6 fxg4 44. Ra8 Kf4 45. Rf8+ Ke3
46. Rg8 Ke2 47. Rf8 Ke1 48. h3 Re2 0-1

[Event "Maringa op 2nd"]
[Site "Maringa"]
[Date "2012.08.12"]
[Round "8"]
[White "Mekhitarian, Krikor Sevag"]
[Black "Proudian, Armen"]
[Result "1-0"]
[WhiteElo "2511"]
[BlackElo "2223"]
[PlyCount "79"]
[EventDate "2012.08.08"]
[EventType "swiss"]
[EventRounds "9"]
[EventCountry "BRA"]
[SourceTitle "CBM 149 Extra"]
[Source "ChessBase"]
[SourceDate "2012.08.24"]
[SourceVersion "1"]
[SourceVersionDate "2012.08.24"]
[SourceQuality "1"]

1. e4 e5 2. Nf3 Nc6 3. Bb5 a6 4. Ba4 Nge7 5. Nc3 d6 6. O-O g6 7. d4 b5 8. Bb3
Bg7 9. dxe5 dxe5 10. Qxd8+ Nxd8 11. Be3 Ne6 12. a4 b4 13. Nd5 Rb8 14. a5 Nxd5
15. exd5 Nd8 16. Rfe1 f6 17. Bc5 Bf8 18. Ba7 Rb7 19. Be3 Nf7 20. Nd2 Bf5 21.
Bc4 Rb8 22. Bxa6 Nd6 23. Rec1 Kd7 24. Be2 Be7 25. g4 Be4 26. Nxe4 Nxe4 27. a6
Bc5 28. Bxc5 Nxc5 29. a7 Ra8 30. Bb5+ Kd6 31. Bc6 Nd7 32. Ra5 Nb6 33. Bxa8 Rxa8
34. c4 bxc3 35. bxc3 Nc4 36. Ra6+ Kxd5 37. Rd1+ Kc5 38. Rd7 Kb5 39. Ra1 Kb6 40.
Rxh7 1-0

[Event "Istanbul ol (Men) 40th"]
[Site "Istanbul"]
[Date "2012.08.29"]
[Round "2.4"]
[White "Mekhitarian, Krikor Sevag"]
[Black "Howell, David"]
[Result "1/2-1/2"]
[WhiteElo "2511"]
[BlackElo "2635"]
[PlyCount "109"]
[EventDate "2012.08.28"]
[EventType "team-swiss"]
[EventRounds "11"]
[EventCountry "TUR"]
[SourceTitle "CBM 151"]
[Source "ChessBase"]
[SourceDate "2012.11.13"]
[SourceVersion "1"]
[SourceVersionDate "2012.11.13"]
[SourceQuality "1"]
[WhiteTeam "Brazil"]
[BlackTeam "England"]
[WhiteTeamCountry "BRA"]
[BlackTeamCountry "ENG"]

1. e4 e5 2. Nf3 Nc6 3. Bb5 Nf6 4. O-O Nxe4 5. d4 Nd6 6. Bxc6 dxc6 7. dxe5 Nf5
8. Qxd8+ Kxd8 9. Nc3 Bd7 10. h3 b6 11. b3 Kc8 12. Bb2 h5 13. Rad1 Be7 14. Bc1
a5 15. Bg5 Bb4 16. Ne2 a4 17. c3 Ba3 18. Rd3 c5 19. Nf4 Bc6 20. Nd2 Bb2 21. f3
axb3 22. axb3 h4 23. Nc4 Ba1 24. Ne2 Kb7 25. Rdd1 Ra2 26. Rxa1 Rxe2 27. Rf2
Rxf2 28. Kxf2 Bd5 29. Nd2 Re8 30. Bf4 Rd8 31. Bg5 Rd7 32. Rb1 Bc6 33. Nc4 Bd5
34. Ne3 Be6 35. Nxf5 Bxf5 36. Rc1 Rd5 37. Bxh4 Rxe5 38. Re1 Rd5 39. Re7 Be6 40.
Ke3 Rd1 41. b4 Rc1 42. Kd3 Bf5+ 43. Kc4 Be6+ 44. Kd3 Bf5+ 45. Kc4 cxb4 46. Kxb4
Be6 47. Bg3 Rb1+ 48. Ka4 Ra1+ 49. Kb4 Rb1+ 50. Ka4 Ka6 51. Rxc7 Ra1+ 52. Kb4
Rb1+ 53. Ka4 Ra1+ 54. Kb4 Rb1+ 55. Ka4 1/2-1/2

[Event "Istanbul ol (Men) 40th"]
[Site "Istanbul"]
[Date "2012.08.30"]
[Round "3.4"]
[White "Khouri, Ibrahim Mohamed"]
[Black "Mekhitarian, Krikor Sevag"]
[Result "1/2-1/2"]
[WhiteElo "2228"]
[BlackElo "2511"]
[PlyCount "92"]
[EventDate "2012.08.28"]
[EventType "team-swiss"]
[EventRounds "11"]
[EventCountry "TUR"]
[SourceTitle "CBM 151"]
[Source "ChessBase"]
[SourceDate "2012.11.13"]
[SourceVersion "1"]
[SourceVersionDate "2012.11.13"]
[SourceQuality "1"]
[WhiteTeam "United Arab Emirates"]
[BlackTeam "Brazil"]
[WhiteTeamCountry "UAE"]
[BlackTeamCountry "BRA"]

1. e4 e5 2. Nf3 Nc6 3. Bb5 a6 4. Ba4 Nge7 5. O-O g6 6. d4 exd4 7. Nxd4 b5 8.
Bb3 Bg7 9. Be3 Na5 10. c3 Bb7 11. Nd2 c5 12. N4f3 d6 13. Bc2 O-O 14. Re1 Qc7
15. Bf4 Rad8 16. Rb1 Nac6 17. Qe2 Ne5 18. Nf1 Bc6 19. Rbd1 Rfe8 20. Nxe5 dxe5
21. Rxd8 Rxd8 22. Be3 c4 23. Rd1 Nc8 24. Rxd8+ Qxd8 25. Qd2 Qc7 26. Bh6 Nd6 27.
Bxg7 Kxg7 28. Qe3 Bb7 29. Ng3 f6 30. f3 Nc8 31. Qd2 Nb6 32. Nf1 Nd7 33. Ne3 Nc5
34. Ng4 Qe7 35. g3 Bc8 36. Ne3 Be6 37. Kg2 Qc7 38. Kf2 Nd7 39. Kg2 Nc5 40. Kf2
Nb7 41. Kg2 Qc6 42. Kf2 Nd6 43. Ng2 Nb7 44. Ne3 Qb6 45. Kg2 Qc6 46. Kf2 Nd6
1/2-1/2

[Event "Istanbul ol (Men) 40th"]
[Site "Istanbul"]
[Date "2012.08.31"]
[Round "4.4"]
[White "Mekhitarian, Krikor Sevag"]
[Black "Johannes Manyedi, Mabusela"]
[Result "1/2-1/2"]
[WhiteElo "2511"]
[BlackElo "2306"]
[PlyCount "76"]
[EventDate "2012.08.28"]
[EventType "team-swiss"]
[EventRounds "11"]
[EventCountry "TUR"]
[SourceTitle "CBM 151"]
[Source "ChessBase"]
[SourceDate "2012.11.13"]
[SourceVersion "1"]
[SourceVersionDate "2012.11.13"]
[SourceQuality "1"]
[WhiteTeam "Brazil"]
[BlackTeam "South Africa"]
[WhiteTeamCountry "BRA"]
[BlackTeamCountry "RSA"]

1. e4 e6 2. d4 d5 3. Nc3 Nf6 4. e5 Nfd7 5. f4 c5 6. Nf3 Nc6 7. Be3 cxd4 8. Nxd4
Bc5 9. Qd2 O-O 10. O-O-O a6 11. Nb3 Bb4 12. Bd3 b5 13. g4 Nb6 14. Qf2 Nc4 15.
Bc5 Bxc5 16. Qxc5 Bb7 17. Bxc4 bxc4 18. Nd4 Rc8 19. Nxc6 Rxc6 20. Qe3 Qb6 21.
Qxb6 Rxb6 22. Rhf1 Bc6 23. Rd4 Rb7 24. Re1 Re8 25. b3 cxb3 26. axb3 Rc8 27. Kd2
Rbc7 28. Nd1 Bd7 29. Ne3 a5 30. Ra1 Ra7 31. c4 Rb7 32. Kc3 Rc5 33. Ra3 Kf8 34.
Rd3 Rbc7 35. Kd4 dxc4 36. Rc3 a4 37. Rxc4 Rxc4+ 38. Nxc4 axb3 1/2-1/2

[Event "Istanbul ol (Men) 40th"]
[Site "Istanbul"]
[Date "2012.09.04"]
[Round "7.4"]
[White "Hug, Werner"]
[Black "Mekhitarian, Krikor Sevag"]
[Result "1/2-1/2"]
[WhiteElo "2469"]
[BlackElo "2511"]
[PlyCount "92"]
[EventDate "2012.08.28"]
[EventType "team-swiss"]
[EventRounds "11"]
[EventCountry "TUR"]
[SourceTitle "CBM 151"]
[Source "ChessBase"]
[SourceDate "2012.11.13"]
[SourceVersion "1"]
[SourceVersionDate "2012.11.13"]
[SourceQuality "1"]
[WhiteTeam "Switzerland"]
[BlackTeam "Brazil"]
[WhiteTeamCountry "SUI"]
[BlackTeamCountry "BRA"]

1. d4 Nf6 2. Nf3 c5 3. c3 d5 4. Bf4 Nc6 5. e3 e6 6. Nbd2 Nh5 7. Be5 f6 8. Bg3
Qb6 9. Qb1 Bd7 10. a4 g6 11. Be2 Rc8 12. a5 Qd8 13. a6 b6 14. Nh4 Nxg3 15. hxg3
Bg7 16. f4 Qe7 17. Bd3 e5 18. fxe5 fxe5 19. O-O e4 20. Bb5 Bh6 21. Qe1 Qg5 22.
Rf4 Qe7 23. Rf2 Rf8 24. Rxf8+ Kxf8 25. Qe2 Kg7 26. Rf1 Qg5 27. Rf4 Qxg3 28. Nf1
Qg5 29. g3 Qe7 30. Rf2 Rf8 31. Rxf8 Qxf8 32. Bxc6 Bxc6 33. Nh2 cxd4 34. cxd4
Qb4 35. Ng4 Bb5 36. Qf2 Bg5 37. Ng2 Bxa6 38. Nf4 Qd6 39. Ne5 Bf6 40. Qc2 Bxe5
41. dxe5 Qxe5 42. Qa4 Bc8 43. Qxa7+ Kh6 44. Qxb6 Bg4 45. Qd4 Qc7 46. Qf6 Qc1+
1/2-1/2

[Event "Villa Martelli La Razon-A"]
[Site "Villa Martelli"]
[Date "2012.10.25"]
[Round "3"]
[White "Lemos, Damian"]
[Black "Mekhitarian, Krikor Sevag"]
[Result "1/2-1/2"]
[WhiteElo "2542"]
[BlackElo "2503"]
[PlyCount "29"]
[EventDate "2012.10.23"]
[EventType "tourn"]
[EventRounds "10"]
[EventCountry "ARG"]
[EventCategory "9"]
[SourceTitle "EXT 2013"]
[Source "ChessBase"]
[SourceDate "2012.11.22"]
[SourceVersion "1"]
[SourceVersionDate "2012.11.22"]
[SourceQuality "1"]

1. Nf3 Nf6 2. c4 e6 3. Nc3 d5 4. e3 c5 5. d4 Nc6 6. a3 a6 7. Bd3 dxc4 8. Bxc4
b5 9. Ba2 Bb7 10. O-O Qc7 11. Qe2 Rd8 12. Rd1 Be7 13. d5 exd5 14. Nxd5 Nxd5 15.
Bxd5 1/2-1/2

[Event "Villa Martelli La Razon-A"]
[Site "Villa Martelli"]
[Date "2012.10.27"]
[Round "5"]
[White "Mekhitarian, Krikor Sevag"]
[Black "Molina, Roberto Junio Brito"]
[Result "1-0"]
[WhiteElo "2503"]
[BlackElo "2400"]
[PlyCount "83"]
[EventDate "2012.10.23"]
[EventType "tourn"]
[EventRounds "10"]
[EventCountry "ARG"]
[EventCategory "9"]
[SourceTitle "EXT 2013"]
[Source "ChessBase"]
[SourceDate "2012.11.22"]
[SourceVersion "1"]
[SourceVersionDate "2012.11.22"]
[SourceQuality "1"]

1. e4 c6 2. d4 d5 3. Nc3 dxe4 4. Nxe4 Nd7 5. Ng5 Ngf6 6. Bd3 e6 7. N1f3 Bd6 8.
Qe2 h6 9. Ne4 Nxe4 10. Qxe4 Qc7 11. O-O b6 12. Qg4 Kf8 13. b3 Bb7 14. Bb2 Nf6
15. Qh3 Nd5 16. Ne5 Nf4 17. Qe3 Nxd3 18. Qxd3 Bxe5 19. dxe5 Rd8 20. Qg3 Kg8 21.
Rad1 c5 22. Rd6 Bc8 23. f4 Kh7 24. Rfd1 Rde8 25. Qd3+ g6 26. c4 Kg7 27. Qg3 Kh7
28. h3 Rhg8 29. Qd3 Qe7 30. Kh2 Kh8 31. Bc3 Kh7 32. g3 Qf8 33. Kg1 Kh8 34. Kf2
g5 35. f5 exf5 36. e6+ Kh7 37. Qxf5+ Rg6 38. Rd7 Bxd7 39. Rxd7 Re7 40. Rxe7
Qxe7 41. exf7 Qf8 42. g4 1-0

[Event "Villa Martelli La Razon-A"]
[Site "Villa Martelli"]
[Date "2012.10.28"]
[Round "7"]
[White "Lorenzini, Martin"]
[Black "Mekhitarian, Krikor Sevag"]
[Result "1-0"]
[WhiteElo "2484"]
[BlackElo "2503"]
[PlyCount "147"]
[EventDate "2012.10.23"]
[EventType "tourn"]
[EventRounds "10"]
[EventCountry "ARG"]
[EventCategory "9"]
[SourceTitle "EXT 2013"]
[Source "ChessBase"]
[SourceDate "2012.11.22"]
[SourceVersion "1"]
[SourceVersionDate "2012.11.22"]
[SourceQuality "1"]

1. e4 c5 2. Nf3 d6 3. c3 Nf6 4. Be2 Nbd7 5. d3 b6 6. O-O Bb7 7. Re1 e6 8. Nbd2
Be7 9. Bf1 O-O 10. d4 h6 11. Bd3 Rc8 12. Nf1 Qc7 13. Ng3 Rfe8 14. Qe2 Bf8 15.
Bd2 c4 16. Bc2 e5 17. d5 g6 18. h3 Bg7 19. Nh2 h5 20. Nf3 b5 21. Be3 Nc5 22.
Qd2 Qe7 23. Bg5 Qf8 24. a4 bxa4 25. Bxa4 Re7 26. Bc2 Ba6 27. Ra5 Rb7 28. Rea1
Rb6 29. Be3 Bb5 30. Bxc5 Rxc5 31. Rxa7 Bh6 32. Qe2 Rb8 33. Ba4 Qc8 34. Ra2 Ba6
35. Nf1 Ra5 36. Bd7 Qc5 37. Rxa6 Rxa2 38. Rxa2 Nxd7 39. Ra4 Nb6 40. Rb4 Rc8 41.
N3d2 Bxd2 42. Nxd2 Qa5 43. Kh2 Kg7 44. h4 Rc5 45. g3 Rc7 46. Kg2 Qa6 47. b3 Rc5
48. Nxc4 Nxc4 49. Rxc4 Qb5 50. Qa2 Rxc4 51. bxc4 Qb6 52. Qc2 Kh7 53. Qe2 Kg8
54. Qd2 Qc5 55. Qa2 Qb6 56. Qa8+ Kg7 57. Qc6 Qb1 58. Qxd6 Qxe4+ 59. Kh2 g5 60.
hxg5 h4 61. Qf6+ Kg8 62. d6 hxg3+ 63. Kxg3 Qd3+ 64. Kh2 Qh7+ 65. Kg3 Qd3+ 66.
f3 Qxc3 67. d7 Qe1+ 68. Kg4 Qg1+ 69. Kf5 Qb1+ 70. Kxe5 Qb2+ 71. Kd5 Qd2+ 72.
Kc6 Kh7 73. Qxf7+ Kh8 74. d8=Q+ 1-0

[Event "Villa Martelli La Razon-A"]
[Site "Villa Martelli"]
[Date "2012.10.30"]
[Round "9"]
[White "Mekhitarian, Krikor Sevag"]
[Black "Della Morte, German"]
[Result "1-0"]
[WhiteElo "2503"]
[BlackElo "2346"]
[PlyCount "81"]
[EventDate "2012.10.23"]
[EventType "tourn"]
[EventRounds "10"]
[EventCountry "ARG"]
[EventCategory "9"]
[SourceTitle "EXT 2013"]
[Source "ChessBase"]
[SourceDate "2012.11.22"]
[SourceVersion "1"]
[SourceVersionDate "2012.11.22"]
[SourceQuality "1"]

1. e4 e5 2. Nf3 Nc6 3. Bb5 a6 4. Ba4 Nf6 5. O-O Be7 6. d3 b5 7. Bb3 d6 8. c3
Na5 9. Bc2 c5 10. Re1 O-O 11. Nbd2 Re8 12. Nf1 Nc6 13. a4 b4 14. Ne3 Bf8 15.
Nd5 h6 16. Ne3 Rb8 17. h3 g6 18. Nh2 Be6 19. Nhg4 Nxg4 20. hxg4 Qh4 21. Qf3 Be7
22. Bd1 bxc3 23. bxc3 Na5 24. g3 Qf6 25. Nf5 gxf5 26. gxf5 Nb3 27. Bxb3 Bxb3
28. Kg2 Bf8 29. Rh1 d5 30. Rh5 Bc2 31. Qg4+ Qg7 32. Qe2 Bxd3 33. Qxd3 dxe4 34.
Qxe4 Rb6 35. Be3 Qf6 36. Rah1 Bg7 37. a5 Qc6 38. Kf3 Qxe4+ 39. Kxe4 Rd6 40.
Bxh6 Bf6 41. g4 1-0

[Event "Villa Martelli La Razon-A"]
[Site "Villa Martelli"]
[Date "2012.10.31"]
[Round "10"]
[White "Molina, Roberto Junio Brito"]
[Black "Mekhitarian, Krikor Sevag"]
[Result "1/2-1/2"]
[WhiteElo "2400"]
[BlackElo "2503"]
[PlyCount "24"]
[EventDate "2012.10.23"]
[EventType "tourn"]
[EventRounds "10"]
[EventCountry "ARG"]
[EventCategory "9"]
[SourceTitle "EXT 2013"]
[Source "ChessBase"]
[SourceDate "2012.11.22"]
[SourceVersion "1"]
[SourceVersionDate "2012.11.22"]
[SourceQuality "1"]

1. d4 Nf6 2. c4 e6 3. Nc3 Bb4 4. a3 Bxc3+ 5. bxc3 O-O 6. f3 d5 7. cxd5 exd5 8.
e3 c5 9. Bd3 b6 10. Ne2 Ba6 11. Bxa6 Nxa6 12. O-O Re8 1/2-1/2